<?xml version="1.0" encoding="UTF-8"?>
<record
    xmlns:xsi="http://www.w3.org/2001/XMLSchema-instance"
    xsi:schemaLocation="http://www.loc.gov/MARC21/slim http://www.loc.gov/standards/marcxml/schema/MARC21slim.xsd"
    xmlns="http://www.loc.gov/MARC21/slim">

  <leader>02284nam a22004337i 4500</leader>
  <controlfield tag="001">109753</controlfield>
  <controlfield tag="003">CZ PrSKC</controlfield>
  <controlfield tag="005">20260512145338.0</controlfield>
  <controlfield tag="008">260429s2026    xr ||||b |||| 00| 1 cze d</controlfield>
  <datafield tag="020" ind1=" " ind2=" ">
    <subfield code="a">978-80-275-2922-3</subfield>
    <subfield code="q">(v&#xE1;z&#xE1;no) :</subfield>
    <subfield code="c">K&#x10D; 429,00</subfield>
  </datafield>
  <datafield tag="040" ind1=" " ind2=" ">
    <subfield code="a">UOG001</subfield>
    <subfield code="b">cze</subfield>
    <subfield code="e">rda</subfield>
  </datafield>
  <datafield tag="041" ind1="1" ind2=" ">
    <subfield code="a">cze</subfield>
    <subfield code="h">pol</subfield>
  </datafield>
  <datafield tag="072" ind1=" " ind2="7">
    <subfield code="a">821.162.1</subfield>
    <subfield code="x">Polsk&#xE1; literatura</subfield>
    <subfield code="2">Konspekt</subfield>
  </datafield>
  <datafield tag="072" ind1=" " ind2="7">
    <subfield code="a">821-93</subfield>
    <subfield code="x">Literatura pro d&#x11B;ti a ml&#xE1;de&#x17E; (beletrie)</subfield>
    <subfield code="2">Konspekt</subfield>
  </datafield>
  <datafield tag="080" ind1="1" ind2=" ">
    <subfield code="a">821</subfield>
  </datafield>
  <datafield tag="100" ind1="1" ind2=" ">
    <subfield code="a">Oziewicz, Tina,</subfield>
    <subfield code="d">1971-</subfield>
    <subfield code="7">xx0265017</subfield>
    <subfield code="4">aut</subfield>
    <subfield code="9">18411</subfield>
  </datafield>
  <datafield tag="240" ind1="1" ind2="0">
    <subfield code="a">Uczucia i m&#x105;dro&#x15B;&#x107;</subfield>
    <subfield code="l">&#x10C;esky</subfield>
  </datafield>
  <datafield tag="245" ind1="1" ind2="0">
    <subfield code="a">Pocity a Moudrost /</subfield>
    <subfield code="c">Tina Oziewiczov&#xE1; ; ilustrovala Aleksandra Zaj&#x105;cov&#xE1;, p&#x159;elo&#x17E;ila Anna Halfarov&#xE1;</subfield>
  </datafield>
  <datafield tag="250" ind1=" " ind2=" ">
    <subfield code="a">Prvn&#xED; vyd&#xE1;n&#xED;</subfield>
  </datafield>
  <datafield tag="264" ind1=" " ind2="1">
    <subfield code="a">Brno :</subfield>
    <subfield code="b">Host,</subfield>
    <subfield code="c">2026</subfield>
  </datafield>
  <datafield tag="300" ind1=" " ind2=" ">
    <subfield code="a">65 ne&#x10D;&#xED;slovan&#xFD;ch stran :</subfield>
    <subfield code="b">ilustrace ;</subfield>
    <subfield code="c">26 cm</subfield>
  </datafield>
  <datafield tag="336" ind1=" " ind2=" ">
    <subfield code="a">text</subfield>
    <subfield code="b">txt</subfield>
    <subfield code="2">rdacontent</subfield>
  </datafield>
  <datafield tag="337" ind1=" " ind2=" ">
    <subfield code="a">bez m&#xE9;dia</subfield>
    <subfield code="b">n</subfield>
    <subfield code="2">rdamedia</subfield>
  </datafield>
  <datafield tag="338" ind1=" " ind2=" ">
    <subfield code="a">svazek</subfield>
    <subfield code="b">nc</subfield>
    <subfield code="2">rdacarrier</subfield>
  </datafield>
  <datafield tag="500" ind1=" " ind2=" ">
    <subfield code="a">P&#x159;elo&#x17E;eno z pol&#x161;tiny</subfield>
  </datafield>
  <datafield tag="520" ind1=" " ind2=" ">
    <subfield code="a">Podivuhodn&#xFD;m sv&#x11B;tem pocit&#x16F; v&#xE1;s tentokr&#xE1;t provede Moudrost.</subfield>
    <subfield code="b">Byl p&#x159;&#xED;jemn&#xFD; den, ale jako by n&#x11B;co viselo ve vzduchu. Moudrost sed&#x11B;la ve sv&#xE9;m kulat&#xE9;m pokoji v maj&#xE1;ku u pootev&#x159;en&#xE9;ho okna a &#x10D;etla si kn&#xED;&#x17E;ku. Tedy sp&#xED;&#x161; se sna&#x17E;ila &#x10D;&#xED;st, proto&#x17E;e ji po&#x159;&#xE1;d n&#x11B;co vyru&#x161;ovalo. Z vnitrozem&#xED; se oz&#xFD;val &#x10D;&#xED;m d&#xE1;l v&#x11B;t&#x161;&#xED; hluk a pak se na obzoru objevil &#x161;ed&#xFD; d&#xFD;m. Musela se pod&#xED;vat, co se d&#x11B;je Jak uzdravit Radost? Co pot&#x159;ebuje Stesk, aby vyrazil na cestu? Jak povzbudit P&#xFD;chu? Koho po&#x17E;&#xE1;dat o pomoc, kdy&#x17E; se v&#x161;ichni chovaj&#xED;, jako by jim p&#x159;esko&#x10D;ilo? Takov&#xE9; ot&#xE1;zky si Moudrost klade, kdy&#x17E; z terasy sv&#xE9;ho maj&#xE1;ku pozoruje pocity. Jsou &#xFA;&#x17E;asn&#xE9;. V&#x17E;dycky ji n&#x11B;&#x10D;&#xED;m p&#x159;ekvap&#xED; a nut&#xED; ji p&#x159;em&#xFD;&#x161;let. A kolik u&#x17E; se toho od nich nau&#x10D;ila!</subfield>
  </datafield>
  <datafield tag="650" ind1=" " ind2="7">
    <subfield code="a">emoce</subfield>
    <subfield code="7">ph114465</subfield>
    <subfield code="2">czenas</subfield>
    <subfield code="9">1779</subfield>
  </datafield>
  <datafield tag="655" ind1=" " ind2="7">
    <subfield code="a">polsk&#xE9; p&#x159;&#xED;b&#x11B;hy</subfield>
    <subfield code="7">fd183167</subfield>
    <subfield code="2">czenas</subfield>
    <subfield code="9">6682</subfield>
  </datafield>
  <datafield tag="655" ind1=" " ind2="7">
    <subfield code="a">publikace pro d&#x11B;ti</subfield>
    <subfield code="7">fd133156</subfield>
    <subfield code="2">czenas</subfield>
  </datafield>
  <datafield tag="700" ind1="1" ind2=" ">
    <subfield code="a">Zaj&#x105;c, Aleksandra,</subfield>
    <subfield code="d">1988-</subfield>
    <subfield code="7">xx0266236</subfield>
    <subfield code="4">ill</subfield>
    <subfield code="9">18412</subfield>
  </datafield>
  <datafield tag="700" ind1="1" ind2=" ">
    <subfield code="a">Halfarov&#xE1;, Anna</subfield>
    <subfield code="7">kv2016935388</subfield>
    <subfield code="4">trl</subfield>
    <subfield code="9">6221</subfield>
  </datafield>
  <datafield tag="710" ind1="2" ind2=" ">
    <subfield code="a">Host (vydavatelstv&#xED;)</subfield>
    <subfield code="7">ko2003163544</subfield>
    <subfield code="4">pbl</subfield>
  </datafield>
  <datafield tag="787" ind1="0" ind2="8">
    <subfield code="i">Z cyklu:</subfield>
    <subfield code="t">Pocity</subfield>
  </datafield>
  <datafield tag="900" ind1=" " ind2=" ">
    <subfield code="a">UOG001</subfield>
    <subfield code="b">17</subfield>
  </datafield>
  <datafield tag="998" ind1=" " ind2=" ">
    <subfield code="a">010837564</subfield>
  </datafield>
  <datafield tag="910" ind1=" " ind2=" ">
    <subfield code="a">ABG508</subfield>
  </datafield>
  <datafield tag="044" ind1=" " ind2=" ">
    <subfield code="a">xr</subfield>
  </datafield>
  <datafield tag="993" ind1=" " ind2=" ">
    <subfield code="a">280.00</subfield>
    <subfield code="h">429.00</subfield>
    <subfield code="i">Team Business</subfield>
    <subfield code="d">2026-05-12</subfield>
    <subfield code="x">1076848</subfield>
  </datafield>
  <datafield tag="999" ind1=" " ind2=" ">
    <subfield code="c">34269</subfield>
    <subfield code="d">34269</subfield>
  </datafield>
</record>
